Tratado de derecho administrativo
Сохранить в:
| Главный автор: | |
|---|---|
| Формат: | |
| Язык: | испанский |
| Опубликовано: |
Madrid
Revista de Derecho Privado
1970
|
| Предметы: | |
| Метки: |
Добавить метку
Нет меток, Требуется 1-ая метка записи!
|
MARC
| LEADER | 00000nam a2200000 a 4500 | ||
|---|---|---|---|
| 001 | UCS0339 | ||
| 003 | CL-VaPUC | ||
| 008 | 970418e19700000SP |||||||||||||||||spa|d | ||
| 082 | 0 | 4 | |a 342.06 |b GAR |2 21 |
| 100 | |a García-Trevijano Fos, José Antonio |e author |9 383661 | ||
| 245 | 1 | 0 | |a Tratado de derecho administrativo |
| 300 | |a v | ||
| 942 | |c BK | ||
| 945 | |d 19970418 00:00:00 |a lriquelm | ||
| 260 | |a Madrid |b Revista de Derecho Privado |c 1970 | ||
| 500 | |a v.3 p.1: Introducción histórica. Concepto de funcionario. Naturaleza de la relación de servicio. La relación de servicio profesional | ||
| 500 | |a v.3 p.2: Contenido y extensión de la relación de servicio profesional. Derechos pasivos. Funcionarios y derechos fundamentales. Relaciones de servicio no profesionales | ||
| 650 | 0 | |a Derecho administrativo |9 254851 | |
| 650 | 0 | |a Responsabilidad administrativa |9 256129 | |
| 651 | 0 | |a España |9 254926 | |
| 583 | |a last modification |c 19970418 00:00:00 |k Rodrigo Vera | ||
| 999 | |c 258571 |d 258569 | ||
| 952 | |0 0 |1 0 |4 0 |6 342_060000000000000_GAR_1970 |7 0 |8 A |9 282763 |a BIBDER |b BIBDER |d 2019-11-19 |h v.3 p.1 |i 2000210 |o 342.06 GAR 1970 |p 2000210 |r 2023-01-25 |w 2019-11-19 |y BK |k DER | ||
| 952 | |0 0 |1 0 |4 0 |6 342_060000000000000_GAR_1970 |7 0 |8 A |9 282764 |a BIBDER |b BIBDER |d 2019-11-19 |h v.3p.2 |i 1840231 |o 342.06 GAR 1970 |p 1840231 |r 2023-01-25 |w 2019-11-19 |y BK |k DER | ||